000 00457nam a2200181Ia 4500
005 20240823044747.0
008 240823s9999||||xx |||||||||||||| ||und||
020 _a978-81-317-1834-8
041 _aENGLISH
082 _A371.1209759 P9
100 _aBarry O'Brien
245 0 _aGeneral knowledge Manual 2009
250 _a1st
260 _c2009
_bCengage Learning
_aNew Delhi
500 _aYES
650 _aGeneral Knowledge
_bGeneral
942 _cBK
999 _c213368
_d213368